| 000 | 00666nam a2200193Ii 4500 | ||
|---|---|---|---|
| 003 | JO-AjNU | ||
| 008 | 230605s9999||||xx |||||||||||||| ||und|| | ||
| 040 |
_aJO-AjNU _bara _erda _cJO-AjNU |
||
| 041 | _aara | ||
| 050 | 1 | 4 | _aZ58.8.i43 1989 |
| 100 | 3 |
_aالذهبي، جاسم محمد واخرون , _eauthor _913106 |
|
| 245 | 0 | 0 | _aالاختزال باللغة العربية طريقة الفراهيدي |
| 264 | 3 | 1 | _aبغداد : وزارة التخطيط ،1989 |
| 300 | _a124ص | ||
| 336 |
_atext _btxt _2rdacontent |
||
| 337 |
_aunmediated _bn _2rdamedia |
||
| 338 |
_avolume _bnc _2rdacarrier |
||
| 650 | 4 |
_aاللغة العربية -الاختزال _913107 |
|
| 999 |
_aA3175 _c6743 _d6743 |
||